International Property Measurement Standards (Record no. 115982)
[ view plain ]
| 000 -LEADER | |
|---|---|
| fixed length control field | 01718cad a22003255a 4500 |
| 001 - CONTROL NUMBER | |
| control field | L159538 |
| 008 - FIXED-LENGTH DATA ELEMENTS--GENERAL INFORMATION | |
| fixed length control field | 140115s2016 xxk f 000 0 eng d |
| 020 ## - INTERNATIONAL STANDARD BOOK NUMBER | |
| International Standard Book Number | 9781783211661 |
| 035 ## - SYSTEM CONTROL NUMBER | |
| System control number | (Sirsi) u159538 |
| 041 0# - LANGUAGE CODE | |
| Language code of text/sound track or separate title | eng |
| 050 04 - LIBRARY OF CONGRESS CALL NUMBER | |
| Classification number | 692.3 $2 18 |
| 110 2# - MAIN ENTRY--CORPORATE NAME | |
| Corporate name or jurisdiction name as entry element | International Property Measurement Standards Coaliton |
| 9 (RLIN) | 6145 |
| 240 ## - UNIFORM TITLE | |
| Uniform title | IPMS |
| 245 00 - TITLE STATEMENT | |
| Title | International Property Measurement Standards |
| Remainder of title | Residential Buildings |
| Medium | [archived] |
| 260 ## - PUBLICATION, DISTRIBUTION, ETC. | |
| Place of publication, distribution, etc. | London, |
| Name of publisher, distributor, etc. | International Property Measurement Standards Coalition, |
| Date of publication, distribution, etc. | 2016 |
| 300 ## - PHYSICAL DESCRIPTION | |
| Extent | 51p. |
| 490 ## - SERIES STATEMENT | |
| Series statement | International Property Measurement Standards |
| 520 ## - SUMMARY, ETC. | |
| Summary, etc. | IPMS for Office Buildings has been drafted by the independent Standards Setting Committee and establishes a consistent methodology for measuring residential buildings around the world. The aim of the Coalition is to enable buildings to be measured, and the resulting calculated areas to be provided, on a transparent basis. IPMS will promote market efficiency through greater confidence between investors and occupiers by providing consistent property measurements for transactions and valuations. |
| 590 ## - LOCAL NOTE (RLIN) | |
| Local note | KA |
| 650 24 - SUBJECT ADDED ENTRY--TOPICAL TERM | |
| Topical term or geographic name entry element | International Property Measurement Standards |
| 650 24 - SUBJECT ADDED ENTRY--TOPICAL TERM | |
| Topical term or geographic name entry element | Residential property |
| 9 (RLIN) | 6266 |
| 651 #4 - SUBJECT ADDED ENTRY--GEOGRAPHIC NAME | |
| Geographic name | International |
| 690 ## - LOCAL SUBJECT ADDED ENTRY--TOPICAL TERM (OCLC, RLIN) | |
| Topical term or geographic name as entry element | Measurement |
| 9 (RLIN) | 6256 |
| 700 1# - ADDED ENTRY--PERSONAL NAME | |
| Personal name | Creighton, Kenneth |
| 700 1# - ADDED ENTRY--PERSONAL NAME | |
| Personal name | Pirlot, Jean-Yves |
| 700 1# - ADDED ENTRY--PERSONAL NAME | |
| Personal name | Prats, Lisa |
| 856 40 - ELECTRONIC LOCATION AND ACCESS | |
| Uniform Resource Identifier | <a href="https://ipmsc.org/wp-content/uploads/2016/09/ipms-residential-buildings-sept-2016.pdf">https://ipmsc.org/wp-content/uploads/2016/09/ipms-residential-buildings-sept-2016.pdf</a> |
| Public note | Available on IPMSC archive |
| 856 40 - ELECTRONIC LOCATION AND ACCESS | |
| Uniform Resource Identifier | <a href="https://www.rics.org/profession-standards/knowledge-and-information-services">https://www.rics.org/profession-standards/knowledge-and-information-services</a> |
| Public note | If IPMSC copy unavailable email [email protected] for a digital copy |
| 942 ## - ADDED ENTRY ELEMENTS (KOHA) | |
| Suppress in OPAC | 0 |
| Source of classification or shelving scheme | Dewey Decimal Classification |
| Withdrawn status | Lost status | Source of classification or shelving scheme | Damaged status | Not for loan | Home library | Current library | Shelving location | Date acquired | Total Checkouts | Full call number | Barcode | Date last seen | Copy number | Price effective from | Koha item type |
|---|---|---|---|---|---|---|---|---|---|---|---|---|---|---|---|
| Dewey Decimal Classification | Virtual | Virtual | Archive copy | 22/08/2017 | ONLINE PUBLICATION | 159538-2001 | 06/08/2019 | 1 | 06/08/2019 | Book |